000 00720nam a2200241 4500
001 142332
003 ES-MaACL
005 20230906200509.0
007 t|
008 071004s1980 sp ||||0| spa d
016 7 _z05534999
020 _a84-7432-088-7
080 _a159.922.7
080 _a159.964.2
100 1 _aWinnicott, D. W.
_9117095
245 1 0 _aPsicoanálisis de una niña pequeña
_b: (The Piggle) /
_cpor D.W. Winnicott ; [traducción, Horacio Vázquez Rial].
260 _aBarcelona :
_bGedisa,
_c1980.
300 _a209 p. ;
_c20 cm.
650 1 4 _aNiños-
_xPsicología.
_915554
650 1 4 _aPsicoanálisis.
_916530
700 1 _aVázquez Rial, Horacio.
_9113477
852 _aES-MaACL
_jL-2687
999 _c142332
_d142332